1684 1114 1394 1794 1054 1220 1511 1687 1881 1491 1830 1800 1189 1298 1897 1231 1506 1069 1125 1624 1167 1368 1154 1970 1073 1299 1305 1923 1382 1284 1916 1861 1861 1322 1794 1165 1791 1639 1588 1980 1068 1565 1378 1868 1709 1040 1667 1046 1831 1512 1314 1585 1211 1049 1832 1460 1309 1274 1513 1448 1294 1847 1389 1487 1261 1844 1677 1680 1653 1687 1759 1386 1173 1755 1803 1909 1691 1057 1648 1299 1544 1484 1572 1109 1894 1710 1944 1720 1757 1804 1678 1657 1467 1448 1258 1024 1890 1022 1673 BCNSPRNW ULIB Ver.6.0+V

เปลี่ยนเป็นภาษาไทย

Change to English
 แสดงรายละเอียดบรรณานุกรม
  กลับหน้าหลัก

Brief Record : Get Marc (ISO 2709) : E-mail record : QR code < ปิดหน้าต่าง
LEADER : 00000nam 2200000uu 4500
001    13399113635
003     ULIB
008    110627s2551||||th 000 0 tha d
020    9789740435709
090    นว.^bส988ม 2551
100 0  โสภี พรรณราย
245 00 มนตราเงินตรา/^cโสภี พรรณราย
250    พิมพ์ครั้งที่ 1
260    กรุงเทพฯ :^bบิวตี้บุ๊ค,^c2551
300    428 หน้า
710 1  บิวตี้บุ๊ค
945    ^p270^l0^i023604
995    ทศพร
999 ^a ใช้งานได้ทุกระบบ
รายการนี้ยังไม่มีแท็ก
คุณยังไม่ได้ล็อกอิน คุณสามารถมีกิจกรรมร่วมกับเว็บไซต์ได้ แต่ต้องล็อกอินก่อน ::
  ล็อกอิน

รายการสื่อสารสนเทศ

ลำดับที่ ประเภท เลขเรียก/บาร์โค้ด สถานที่ สถานะ
1. นวนิยาย
นวนิยาย
นว. ส988ม 2551 ฉ.1 
  Barcode: 023604
ห้องสมุดวิทยาเขตสวรรค์ประชารักษ์
►นวนิยาย
บนชั้น
  ขอยืม

รายการใกล้เคียง
    ผู้แต่ง [โสภี พรรณราย]

BibComment


ยังไม่เคยถูกคอมเมนท์

คอมเมนท์ทรัพยากรรายการนี้
  คอมเมนท์: มนตราเงินตรา โสภี..


 Copyright 2026. Bcnsprnw @Library